Suomen kaupungit Visa #2 - Statistics

Yleistilastot
  • Tätä visaa on pelattu 16 kertaa
  • Keskiarvotulos 3 / 5
Vastaustilastot
Perustamisvuosi Kaupunki % Oikein
1848 Joensuu
80%
1838 Mikkeli
67%
1621 Tornio
67%
1861 Maarianhamina
40%
1617 Uusikaupunki
40%
Ehtoja vastaavia visoja ei löytynyt
Tulosjakauma
Jokaisen tuloksen saaneiden osuus
Persentiili vastausten määrän mukaan
Tuloshistoriasi
Et ole pelannut tätä visaa